000 01360nam a22003011i 4500
001 189891
003 SpMaBN
005 20260303141311.0
008 191218e1971 sp af |||| | spa d
080 _a903(460.313)
100 1 _aFortea Pérez, F. Javier.
_9169169
_eaut
245 1 3 _aLa Cueva de la Cocina :
_bensayo de cronología del epipaleolítico (Facies Geométricas) /
_cJavier Fortea Pérez ; prólogo del Dr. D. Luis Pericot García.
260 _aValencia :
_b[Institución Alfonso El Magnánimo],
_c1971.
300 _aXII, 90 páginas, XIV láminas :
_bilustraciones ;
_c27 cm.
490 1 _aSerie de trabajos varios ;
_v40
594 _aPrecede al tít.: Servicio de Investigación Prehistórica, Diputación Provincial de Valencia.
650 7 _aEdad de piedra.
_9143552
651 7 _aCueva de la Cocina (Valencia)
_9169170
651 7 _aValencia (Provincia)-
_xRestos arqueológicos prehistóricos.
_9169171
700 1 _aPericot, Luis,
_d1899-1978
_991262
_eaui
710 2 _aServicio de Investigación Prehistórica (Valencia)
_9169161
_eisb
710 2 _aInstitució Alfons el Magnànim
_eedt
_9173001
830 0 _aSerie de trabajos varios ;
_v40
_9187022
852 _aES-MaACL
_jL-32474
_cDEPO2
_hDonat. Viuda Antonio Tovar
942 _2udc
_cMONOGRAFIA
_n0
999 _c189891
_d189891